Harry Potter Groups of Four - Statistics

General Stats
  • This quiz has been taken 398 times
  • The average score is 21 of 24
Answer Stats
Hint Answer % Correct
Hogwarts Houses Gryffindor
100%
Hogwarts Houses Hufflepuff
99%
Hogwarts Houses Ravenclaw
99%
Hogwarts Houses Slytherin
99%
Triwizard Champions Harry Potter
98%
Triwizard Champions Cedric Diggory
95%
Members of Dursley Family Dudley
95%
Triwizard Champions Viktor Krum
95%
Quidditch Positions Seeker
93%
Members of Dursley Family Vernon
93%
Members of Dursley Family Petunia
92%
Triwizard Champions Fleur Delacour
91%
Quidditch Positions Keeper
89%
Marauders James Potter
87%
Marauders Remus Lupin
87%
Marauders Sirius Black
87%
Quidditch Positions Beater
85%
Members of Dursley Family Marjorie
85%
Marauders Peter Pettigrew
84%
Quidditch Positions Chaser
83%
Dragon breeds in the Triwizard Tournament Hungarian Horntail
76%
Dragon breeds in the Triwizard Tournament Chinese Fireball
56%
Dragon breeds in the Triwizard Tournament Common Welsh Green
53%
Dragon breeds in the Triwizard Tournament Swedish Shortsnout
47%
No matching quizzes found
Score Distribution
Percent of People with Each Score
Percentile by Number Answered
Your Score History
You have not taken this quiz